<?xml version="1.0" encoding="UTF-8"?>
<collection xmlns="http://www.loc.gov/MARC21/slim">
    <record>
        <controlfield tag="001">74751</controlfield>
        <controlfield tag="005">20180822120514.0</controlfield>
        <datafield tag="037" ind1=" " ind2=" ">
            <subfield code="a">GDOC-2017-69017</subfield>
        </datafield>
        <datafield tag="041" ind1=" " ind2=" ">
            <subfield code="a">spa</subfield>
        </datafield>
        <datafield tag="041" ind1=" " ind2=" ">
            <subfield code="a">eng</subfield>
        </datafield>
        <datafield tag="100" ind1=" " ind2=" ">
            <subfield code="0">(orcid)0000-0002-0409-4791</subfield>
            <subfield code="1">121721</subfield>
            <subfield code="a">MARÍA GLORIA BUENO, LOZANO</subfield>
        </datafield>
        <datafield tag="245" ind1="0" ind2="0">
            <subfield code="9">69017</subfield>
            <subfield code="a">Aspectos nutricionales de enfermedades endocrino-metabólicas</subfield>
        </datafield>
        <datafield tag="242" ind1="0" ind2="0">
            <subfield code="9">69017</subfield>
            <subfield code="a">Nutritional elements of endocrinological-metabolic diseases</subfield>
        </datafield>
        <datafield tag="260" ind1=" " ind2=" ">
            <subfield code="a">Zaragoza</subfield>
            <subfield code="b">Universidad de Zaragoza</subfield>
            <subfield code="c">2017-2018</subfield>
        </datafield>
        <datafield tag="520" ind1=" " ind2=" ">
            <subfield code="a">Breve presentación de la asignatura
La asignatura pretende aportar los conocimientos básicos e imprescindibles para identificar los principios de una adecuada alimentación, tanto para el conjunto de la población, como para los colectivos afectos de enfermedades endocrinológicas. Pretende asimismo recordar el importante papel de una alimentación adecuada en determinadas situaciones patológicas. Y todo ello encaminado a potenciar un desarrollo armónico del niño, la promoción de hábitos saludables  y la labor de prevención  que se puede hacer para evitar determinados procesos clínicos relacionados con la alimentación como son la anorexia y la obesidad.</subfield>
        </datafield>
        <datafield tag="521" ind1=" " ind2=" ">
            <subfield code="9">671</subfield>
            <subfield code="a">Máster Universitario en Condicionantes Genéticos, nutricionales y ambientales del crecimiento y desarrollo</subfield>
            <subfield code="b">Master's in Genetic, nutritional and environmental growth and development condiitoners</subfield>
        </datafield>
        <datafield tag="540" ind1=" " ind2=" ">
            <subfield code="a">by-nc-sa</subfield>
            <subfield code="b">Creative Commons</subfield>
            <subfield code="c">3.0</subfield>
            <subfield code="u">http://creativecommons.org/licenses/by-nc-sa/3.0/</subfield>
        </datafield>
        <datafield tag="700" ind1=" " ind2=" ">
            <subfield code="0">(orcid)0000-0002-5165-9716</subfield>
            <subfield code="1">385619</subfield>
            <subfield code="a">JESÚS MARÍA GARAGORRI, OTERO</subfield>
        </datafield>
        <datafield tag="830" ind1=" " ind2=" ">
            <subfield code="9">461</subfield>
        </datafield>
        <datafield tag="856" ind1="4" ind2=" ">
            <subfield code="s">11825</subfield>
            <subfield code="u">http://zaguan.unizar.es/record/74751/files/guia-69017-en.pdf</subfield>
            <subfield code="y">Guide (english)</subfield>
        </datafield>
        <datafield tag="856" ind1="4" ind2=" ">
            <subfield code="s">17619</subfield>
            <subfield code="u">http://zaguan.unizar.es/record/74751/files/guia-69017-es.pdf</subfield>
            <subfield code="y">Guía (idioma español)</subfield>
        </datafield>
        <datafield tag="970" ind1=" " ind2=" ">
            <subfield code="a">GDOC-2017-69017</subfield>
        </datafield>
        <datafield tag="980" ind1=" " ind2=" ">
            <subfield code="a">GDOC</subfield>
            <subfield code="b">Ciencias de la Salud</subfield>
            <subfield code="b">Health Sciences</subfield>
            <subfield code="c">104</subfield>
        </datafield>
    </record>

    
</collection>